| 000 | 00000nam##2200000za#4500 |
| 001 | 9.691353 |
| 003 | CaOODSP |
| 005 | 20210624232729 |
| 007 | cr ||||||||||| |
| 008 | 150407|2007||||xxc|||||o f|0| 0 eng|d |
| 040 | |aCaOODSP|beng |
| 043 | |an-cn--- |
| 086 | 1 |aCP54-14/2007E-PDF |
| 110 | 1 |aCanada.|bCanada Public Service Agency. |
| 245 | 12|aA special calling : |h[electronic resource]|bvalues, ethics and professional public service / |cby Kenneth Kernaghan. |
| 246 | 3 |aPublic Service - studies and discoveries series |
| 260 | |bCanada Public Service Agency |c[2007]. |
| 300 | |a42p.|breferences |
| 590 | |a11-23-Supp|b2011-10-17 |
| 690 | 07|aEthics|2gcpds |
| 690 | 07|aPublic service|2gcpds |
| 720 | 1 |aKernaghan, Kenneth |
| 775 | 08|tUne vocation spéciale : |w(CaOODSP)9.639248 |
| 776 | 0#|tA special calling : |w(CaOODSP)9.668489 |
| 776 | 0#|tUne vocation spéciale : |w(CaOODSP)9.668490 |
| 856 | 40|ahttp://publications.gc.ca|qPDF|s1.03 MB|uhttps://publications.gc.ca/collections/collection_2011/afpc-cpsa/CP54-14-2007-eng.pdf |